00852nam a2200205Ia 4500999001700000082001200017100001900029245009500048260003800143300001000181650009000191650006300281650005300344650003400397650006700431650001400498710002200512942001200534952010000546 c15208d15208 aTV.0106 aVenkataiah, N. 0aImpact of the farmer's functional literacy programme on the participants in Andhra Pradesh c1976bSri Venkateswara University a578p. aFARMERS FUNCTIONAL LITERACY PROJECT//FARMERS TRAINING AND FUNCTIONAL LITERACY PROJECT aFARMERS - SOCIAL CONDITIONS//FARMERS SOCIO-ECONOMIC STATUS aFARMERS TRAINING AND FUNCTIONAL LITERACY PROJECT aFARMERS SOCIO-ECONOMIC STATUS aFARMERS - SOCIO-ECONOMIC STATUS//FARMERS SOCIO-ECONOMIC STATUS aFARMERS  aRao, R. Srinivasa cTH2ddc 00104070aNASSDOCbNASSDOCd2004-10-08l0oTV.0106p9868r2019-04-18 00:00:00w2019-04-18yTH